Mots finissant par un "A" de A à Z - Statistiques

Statistiques générales
  • Ce quiz a été pris 97 fois
    39 depuis la dernière actualisation
  • Le résultat moyen est 17 sur 26
Statistiques - réponses
Première lettre Définition Mot % Correct
F Fromage grec au lait de brebis. {Fet}a
94%
A Grand perroquet d'Amérique centrale et méridionale. {Ar}a
92%
B Short descendant jusqu'aux genoux. {Bermud}a
92%
L Mammifère plus petit que le chameau et sans bosse, qui vit dans les régions montagneuses d'Amérique du Sud. {Lam}a
92%
M Couleur primaire pourpre rosé. {Magent}a
89%
S Bain de vapeur sèche, d'origine finlandaise. {Saun}a
89%
V Cachet apposé sur un passeport donnant le droit de séjourner dans un pays. {Vis}a
89%
E Affection cutanée caractérisée par des vésicules, des rougeurs et la formation de squames. {Eczém}a
83%
K Calotte portée par les juifs pratiquants. {Kipp}a
78%
O Loi du silence dans les milieux mafieux. {Omert}à
78%
Z Méthode de fitness inspirée de différentes danses latino-américaines. {Zumb}a
78%
G Fête, réception à caractère officiel. {Gal}a
75%
I Neuvième lettre de l'alphabet grec, qui correspond à i. {Iot}a
75%
T Loterie où les gagnants reçoivent un lot en nature. {Tombol}a
75%
D Dispersion d'un peuple, d'une ethnie à travers le monde. {Diaspor}a
69%
P Mammifère carnassier d'Amérique de la famille des félins, à pelage fauve et sans crinière. {Pum}a
69%
Q Plante herbacée du Chili et du Pérou, cultivée pour ses graines très nutritives. {Quino}a
69%
J Danse de bal musette à trois temps, assez rapide. {Jav}a
64%
R Espèce de chou qui est pourvu d'une racine tubérisée comestible, appelée également chou-navet. {Rutabag}a
58%
Y Doctrine et exercices traditionnels hindous, cherchant à réunir l'individu avec le principe de toute existence. {Yog}a
58%
H Grand arbre originaire de la Guyane, cultivé pour son latex. {Hévé}a
44%
N Autre nom du cobra. {Naj}a
42%
W Caméra numérique qui capture des données vidéo et audio et les transmet en temps réel sur Internet. {Webcamér}a
36%
C Unité d'intensité lumineuse (symbole cd). {Candel}a
25%
U Le plus gros des deux os de l'avant-bras, articulé avec l'humérus au niveau du coude. {Uln}a
19%
X Lichen très commun formant de petites rosettes de couleur jaune sur les pierres ou les écorces, voisin de la parmélie. {Xanthori}a
0%
Aucun quiz correspondant
Distribution des résultats
% des personnes avec chaque résultat
Percentile par nombre de réponses
Votre historique - résultats
Vous n’avez pas pris ce quiz depuis la dernière actualisation